Key facts employment law / (Record no. 109)

MARC details
000 -LEADER
fixed length control field 00572nam a22001937a 4500
005 - DATE AND TIME OF LATEST TRANSACTION
control field 20230111090159.0
008 - FIXED-LENGTH DATA ELEMENTS--GENERAL INFORMATION
fixed length control field 230111b |||||||| |||| 00| 0 eng d
020 ## - INTERNATIONAL STANDARD BOOK NUMBER
International Standard Book Number 9780340966860
040 ## - CATALOGING SOURCE
Original cataloging agency KMU
Transcribing agency KMU
050 ## - LIBRARY OF CONGRESS CALL NUMBER
Classification number KD 60 Tur 2011
100 ## - MAIN ENTRY--PERSONAL NAME
Personal name Turner , Chris
245 ## - TITLE STATEMENT
Title Key facts employment law /
Statement of responsibility, etc. by Chris Turner .
250 ## - EDITION STATEMENT
Edition statement 3rd edition .
260 ## - PUBLICATION, DISTRIBUTION, ETC.
Place of publication, distribution, etc. London :
Name of publisher, distributor, etc. Hodder education ,
Date of publication, distribution, etc. 2011 .
300 ## - PHYSICAL DESCRIPTION
Extent 148 pages :
Other physical details Illustration ;
Dimensions 19 cm .
500 ## - GENERAL NOTE
General note Includes an index
650 ## - SUBJECT ADDED ENTRY--TOPICAL TERM
Source of heading or term Oclc
Topical term or geographic name entry element Labor laws and legislation
942 ## - ADDED ENTRY ELEMENTS (KOHA)
Source of classification or shelving scheme Library of Congress Classification
Koha item type Non-Fiction
Edition 3rd edition.
Suppress in OPAC No
Holdings
Withdrawn status Lost status Source of classification or shelving scheme Damaged status Not for loan Collection Home library Current library Shelving location Date acquired Source of acquisition Total Checkouts Full call number Barcode Date last seen Price effective from Koha item type Total Renewals Date last checked out
    Library of Congress Classification     Non-fiction Kapasa Makasa University Kapasa Makasa University Open Access 11.01.2023 Book Aid   KD 60 Tur 2011 747934 11.01.2023 11.01.2023 Non-Fiction    
    Library of Congress Classification     Non-fiction Kapasa Makasa University Kapasa Makasa University Open Access 11.01.2023 Book Aid   KD 60 Tur 2011 747930 11.01.2023 11.01.2023 Non-Fiction    
    Library of Congress Classification     Non-fiction Kapasa Makasa University Kapasa Makasa University Open Access 11.01.2023 Book Aid 2 KD 60 Tur 2011 747931 01.07.2025 11.01.2023 Non-Fiction 1 28.05.2025
    Library of Congress Classification     Non-fiction Kapasa Makasa University Kapasa Makasa University Open Access 11.01.2023 Book Aid   KD 60 Tur 2011 747933 11.01.2023 11.01.2023 Non-Fiction    
    Library of Congress Classification     Non-fiction Kapasa Makasa University Kapasa Makasa University Open Access 11.01.2023 Book Aid   KD 60 Tur 2011 747932 11.01.2023 11.01.2023 Non-Fiction